000 00187 a2200097 4500
020 _a9780385474542
041 _aeng
100 _aAchebe, Chinua
245 _aThings fall apart
942 _cBK
999 _c8129
_d8129